Manon Lescaut : hra o 7 obrazech podle románu Abbé Prévosta /

Hlavní autor: Nezval, Vítězslav, 1900-1958
Další autoři: Prévost, Antoine François, 1697-1763, Sychra, Vladimír, 1903-1963
Jazyk: Čeština
Vydáno: Praha : Československý spisovatel, 1972
Vydání: 23. vyd.
Témata:
Externí odkaz: Digitalizovaný dokument
Fyzický popis: 229 s. : il.
Knihy
Uloženo v:
LEADER 01385nam a22003612a 4500
001 000148569
003 CZ BrMZK
005 20181011142111.0
007 ta
008 950101s1972 xr a g d cze d
015 |a cnb000437341 
035 |a (OCoLC)85236875 
040 |a BOA001  |b cze 
072 7 |a 821.162.3-2  |x České drama  |2 Konspekt  |9 25 
080 |a 821.162.3-2  |2 MRF 
080 |a 821.162.3-1  |2 MRF 
080 |a (0:82-2)  |2 MRF 
080 |a (0:82-1)  |2 MRF 
100 1 |a Nezval, Vítězslav,  |d 1900-1958  |7 jk01090162  |4 aut 
245 1 0 |a Manon Lescaut :  |b hra o 7 obrazech podle románu Abbé Prévosta /  |c Vítězslav Nezval ; ilustroval Vladimír Sychra 
250 |a 23. vyd. 
260 |a Praha :  |b Československý spisovatel,  |c 1972 
300 |a 229 s. :  |b il. 
500 |a Dostupné též v digitální podobě v aplikaci Kramerius 
655 7 |a česká dramata  |7 fd133957  |2 czenas 
655 7 |a česká poezie  |7 fd133958  |2 czenas 
700 1 |a Prévost, Antoine François,  |d 1697-1763  |7 jn20000710488  |4 aut 
700 1 |a Sychra, Vladimír,  |d 1903-1963  |7 jk01122172  |4 ill 
856 4 1 |u http://www.digitalniknihovna.cz/mzk/uuid/uuid:b8946c90-91d3-11e5-ac67-005056827e51  |y Digitalizovaný dokument  |x NDK 
910 |a BOA001  |b 1-0490.814-72 
990 |a BK 
991 |b 200907 
996 6 |b 2619717426  |c 1-0490.814-72  |l MZK  |r Sklad / do 1 hodiny  |n 50  |w 000148569  |u 000010  |a 1  |e BOA001  |j MZK50  |s P